[Event "Prague Summer op 4th"]
[Site "Prague"]
[Date "2017.08.06"]
[Round "3"]
[White "Usleber, Helmut"]
[Black "Vanek, Ladislav"]
[Result "0-1"]
[WhiteElo "2056"]
[BlackElo "2235"]
[PlyCount "82"]
[EventDate "2017.08.04"]
[EventType "swiss"]
[EventRounds "9"]
[EventCountry "CZE"]
[SourceTitle "CBM 179 Extra"]
[Source "ChessBase"]
[SourceDate "2017.08.23"]
[SourceVersion "1"]
[SourceVersionDate "2017.08.23"]
[SourceQuality "1"]

1. e4 b6 2. d4 Bb7 3. Nc3 e6 4. Nf3 Bb4 5. Bd3 Nf6 6. Qe2 d5 7. e5 Ne4 8. Bd2 Nxd2 9. Qxd2 Be7 10. Ne2 c5 11. c3 Ba6 12. Bxa6 Nxa6 13. 0-0 Qd7 14. Ne1 Nb8 15. f4 Nc6 16. Nc2 g6 17. Ne3 0-0-0 18. Rfb1 cxd4 19. cxd4 Kb8 20. b4 g5 21. fxg5 Bxg5 22. a4 Nxe5 23. dxe5 d4 24. Nxd4 Qxd4 25. Qxd4 Rxd4 26. Nf1 Bf4 27. b5 Bxe5 28. a5 Rd5 29. Ra2 bxa5 30. Rxa5 Rhd8 31. Ra3 Bd4+ 32. Kh1 Bc5 33. Rf3 f5 34. h3 Rd1 35. Rbb3 Kb7 36. Kh2 Kb6 37. Ne3 R1d4 38. Kh1 f4 39. Nf1 e5 40. Kh2 e4 41. Rfc3 Rd1 0-1

[Event "AUT-chT2W 1617"]
[Site "Austria"]
[Date "2017.03.05"]
[Round "11.6"]
[White "Hengl, Christian"]
[Black "Usleber, Helmut"]
[Result "1-0"]
[WhiteElo "2226"]
[BlackElo "2064"]
[PlyCount "57"]
[EventDate "2016.10.28"]
[EventType "team-tourn"]
[EventRounds "11"]
[EventCountry "AUT"]
[SourceTitle "CBM 177 Extra"]
[Source "ChessBase"]
[SourceDate "2017.04.27"]
[SourceVersion "1"]
[SourceVersionDate "2017.04.27"]
[SourceQuality "1"]
[WhiteTeam "Rochade Rum"]
[BlackTeam "Salzburg ASK"]
[WhiteTeamCountry "AUT"]
[BlackTeamCountry "AUT"]

1. d4 f5 2. Nf3 Nf6 3. g3 g6 4. Bg2 Bg7 5. 0-0 0-0 6. b3 d6 7. Bb2 c6 8. c4 Qc7 9. Nbd2 Re8 10. Re1 e5 11. dxe5 dxe5 12. e4 fxe4 13. Ng5 Bg4 14. Qc2 Na6 15. Ngxe4 Nxe4 16. Nxe4 Rad8 17. Qc3 Bf5 18. Rad1 Bxe4 19. Bxe4 Nc5 20. Qe3 Rxd1 21. Rxd1 Nxe4 22. Qxe4 Qf7 23. Rd2 Qe7 24. Qg4 Qf8 25. Rd7 Qb4 26. Kg2 Qe1 27. f4 h5 28. Qxg6 Qe2+ 29. Kh3 1-0

[Event "Gibraltar Challenger op-A"]
[Site "Caleta"]
[Date "2017.01.27"]
[Round "5"]
[White "Schouten, Freek"]
[Black "Usleber, Helmut"]
[Result "1-0"]
[WhiteElo "2095"]
[BlackElo "2052"]
[PlyCount "81"]
[EventDate "2017.01.23"]
[EventType "swiss"]
[EventRounds "5"]
[EventCountry "GGB"]
[SourceTitle "CBM 176 Extra"]
[Source "ChessBase"]
[SourceDate "2017.03.02"]
[SourceVersion "1"]
[SourceVersionDate "2017.03.02"]
[SourceQuality "1"]

1. d4 f5 2. g3 Nf6 3. Bg2 g6 4. Nh3 Bg7 5. Nf4 d6 6. d5 c6 7. c4 e5 8. dxe6 Na6 9. h4 Nc7 10. h5 g5 11. h6 Bf8 12. Nh3 g4 13. Ng5 Nxe6 14. Nc3 Rg8 15. Nxe6 Bxe6 16. Qd4 Be7 17. Bf4 Qb6 18. 0-0-0 Qxd4 19. Rxd4 0-0-0 20. Rhd1 c5 21. Bd5 cxd4 22. Bxe6+ Kb8 23. Rxd4 Rgf8 24. Nd5 Nxd5 25. Rxd5 Rf6 26. Bxf5 Rdf8 27. e4 Rxf5 28. Rxf5 Rxf5 29. exf5 Kc8 30. Kc2 Kd7 31. Kd3 Bf6 32. b3 Kc6 33. Ke4 Be7 34. Be3 Bf8 35. f6 a6 36. Kd4 b6 37. Ke4 b5 38. Kd4 bxc4 39. bxc4 Kc7 40. Kd5 Kd7 41. Bf4 1-0

[Event "Gibraltar Challenger op-A"]
[Site "Caleta"]
[Date "2017.01.25"]
[Round "3"]
[White "Newbry, Benjamin J"]
[Black "Usleber, Helmut"]
[Result "0-1"]
[WhiteElo "1879"]
[BlackElo "2052"]
[PlyCount "58"]
[EventDate "2017.01.23"]
[EventType "swiss"]
[EventRounds "5"]
[EventCountry "GGB"]
[SourceTitle "CBM 176 Extra"]
[Source "ChessBase"]
[SourceDate "2017.03.02"]
[SourceVersion "1"]
[SourceVersionDate "2017.03.02"]
[SourceQuality "1"]

1. f4 d5 2. Nf3 g6 3. g3 Bg7 4. Bg2 c5 5. 0-0 Nc6 6. d3 Nf6 7. c3 0-0 8. Na3 Qc7 9. Qc2 b6 10. e4 dxe4 11. dxe4 Ba6 12. Re1 e6 13. e5 Nd5 14. Ng5 b5 15. Ne4 b4 16. c4 Nd4 17. Qa4 bxa3 18. cxd5 Bb5 19. Qd1 exd5 20. Nc3 Bc6 21. Nxd5 Qb7 22. Nf6+ Bxf6 23. Bxc6 Nxc6 24. exf6 axb2 25. Rb1 bxc1Q 26. Qxc1 Qd7 27. Qxc5 Qd4+ 28. Qxd4 Nxd4 29. Re4 Nf3+ 0-1

[Event "AUT-chT2W 1516"]
[Site "Austria"]
[Date "2016.03.05"]
[Round "10.1"]
[White "Usleber, Helmut"]
[Black "Schiestl, Josef"]
[Result "1-0"]
[WhiteElo "2024"]
[BlackElo "2128"]
[PlyCount "61"]
[EventDate "2015.10.16"]
[EventType "team-tourn"]
[EventRounds "11"]
[EventCountry "AUT"]
[SourceTitle "EXT 2017"]
[Source "ChessBase"]
[SourceDate "2016.10.25"]
[SourceVersion "1"]
[SourceVersionDate "2016.10.25"]
[SourceQuality "1"]
[WhiteTeam "Salzburg"]
[BlackTeam "Zillertal"]
[WhiteTeamCountry "AUT"]
[BlackTeamCountry "AUT"]

1. e4 c5 2. Nf3 e6 3. d4 cxd4 4. Nxd4 a6 5. Nc3 Qc7 6. f4 b5 7. a3 Bb7 8. Bd3 Nc6 9. Nxc6 Bxc6 10. Qe2 Be7 11. Bd2 d6 12. 0-0-0 Nf6 13. g4 d5 14. e5 Nd7 15. Rhe1 Rc8 16. Na2 Nc5 17. Bb4 0-0 18. Bxc5 Bxc5 19. f5 a5 20. Qd2 Bd4 21. Qf4 Bc5 22. f6 gxf6 23. Qh6 f5 24. Qg5+ Kh8 25. Qf6+ Kg8 26. gxf5 Qa7 27. Qg5+ Kh8 28. Qf6+ Kg8 29. Re2 Rfe8 30. Qh6 Bf8 31. Rg2+ 1-0

[Event "Lienz op 17th"]
[Site "Lienz"]
[Date "2013.02.16"]
[Round "9"]
[White "Usleber, Helmut"]
[Black "Vergeiner, Franz"]
[Result "1-0"]
[WhiteElo "2038"]
[BlackElo "2091"]
[PlyCount "91"]
[EventDate "2013.02.09"]
[EventType "swiss"]
[EventRounds "9"]
[EventCountry "AUT"]
[SourceTitle "CBM 152 Extra"]
[Source "ChessBase"]
[SourceDate "2013.02.25"]
[SourceVersion "1"]
[SourceVersionDate "2013.02.25"]
[SourceQuality "1"]

1. e4 c6 2. d4 d5 3. Nc3 dxe4 4. Nxe4 Nf6 5. Nxf6+ exf6 6. c3 Be6 7. Nf3 Bd6 8. Bd3 0-0 9. Qc2 g6 10. 0-0 Qc7 11. Bh6 Re8 12. h3 Nd7 13. Nd2 Bf4 14. Bxf4 Qxf4 15. Rae1 Rac8 16. Re3 c5 17. dxc5 Rxc5 18. Rfe1 Re5 19. Ne4 Ra5 20. Rf3 Qh4 21. a4 f5 22. Nd6 Rb8 23. Bb5 a6 24. b4 axb5 25. bxa5 bxa4 26. c4 Nc5 27. Qc3 Qd8 28. Qe5 Qxa5 29. Nxf5 Qxe1+ 30. Qxe1 Bxf5 31. g4 Be6 32. Qb4 Rc8 33. Re3 Kg7 34. f3 Rc7 35. Qb6 Na6 36. Qd4+ Kg8 37. Qd8+ Kg7 38. g5 Rc6 39. Qf6+ Kg8 40. Qd8+ Kg7 41. Qf6+ Kg8 42. Rd3 Rc8 43. h4 Nc5 44. Rd8+ Rxd8 45. Qxd8+ Kg7 46. Qd4+ 1-0

[Event "Lienz op 17th"]
[Site "Lienz"]
[Date "2013.02.14"]
[Round "7"]
[White "Usleber, Helmut"]
[Black "Heinig, Wolfram"]
[Result "1-0"]
[WhiteElo "2038"]
[BlackElo "2329"]
[PlyCount "81"]
[EventDate "2013.02.09"]
[EventType "swiss"]
[EventRounds "9"]
[EventCountry "AUT"]
[SourceTitle "CBM 152 Extra"]
[Source "ChessBase"]
[SourceDate "2013.02.25"]
[SourceVersion "1"]
[SourceVersionDate "2013.02.25"]
[SourceQuality "1"]

1. e4 c6 2. d4 d5 3. Nc3 dxe4 4. Nxe4 Bf5 5. Ng3 Bg6 6. Nf3 Nd7 7. Bd3 e6 8. 0-0 Ngf6 9. c4 Be7 10. b3 0-0 11. Bxg6 hxg6 12. Bb2 a5 13. Ne5 a4 14. Qc2 Qc7 15. Nxd7 Qxd7 16. Rad1 axb3 17. axb3 Qc7 18. Qc3 Ra2 19. Ba1 Rfa8 20. Qf3 R8a3 21. d5 cxd5 22. Bxf6 Bxf6 23. cxd5 exd5 24. Qxd5 Qb6 25. Ne4 Qxb3 26. Qd6 Ra6 27. Qb8+ Kh7 28. Nxf6+ Rxf6 29. Rd8 g5 30. Rh8+ Kg6 31. Qg8 Rf4 32. Qh7+ Kf6 33. Rg8 g6 34. Qg7+ Kf5 35. Rf8 Raxf2 36. Rxf7+ Ke6 37. Re7+ Kd5 38. Qe5+ Kc4 39. Rxf2 Qd1+ 40. Qe1 Qxe1+ 41. Rxe1 1-0

[Event "Schwarzach op-B"]
[Site "Schwarzach"]
[Date "2009.08.20"]
[Round "6"]
[White "Usleber, Helmut"]
[Black "Egle, Martin"]
[Result "1/2-1/2"]
[WhiteElo "2000"]
[BlackElo "2078"]
[PlyCount "38"]
[EventDate "2009.08.15"]
[EventType "swiss"]
[EventRounds "9"]
[EventCountry "AUT"]
[SourceTitle "CBM 132 Extra"]
[Source "ChessBase"]
[SourceDate "2009.11.03"]
[SourceVersion "1"]
[SourceVersionDate "2009.11.03"]
[SourceQuality "1"]

1. d4 d5 2. Nc3 e6 3. e4 Bb4 4. e5 c5 5. a3 Bxc3+ 6. bxc3 Qa5 7. Bd2 Qa4 8. Qg4 g6 9. Ra2 Nc6 10. Nf3 Bd7 11. Bd3 c4 12. Be2 0-0-0 13. Bg5 Rf8 14. Bc1 f6 15. Qf4 f5 16. 0-0 h6 17. h4 Nge7 18. Qg3 Rf7 19. Ne1 Rg7 1/2-1/2